Name the characters by actor images - The Walking Dead - Statistics

General Stats
  • This quiz has been taken 29 times
  • The average score is 14 of 16
Answer Stats
Picture Answer % Correct
Carl Grimes
100%
Carol Peletier
100%
Daryl Dixon
100%
Michonne Hawthorne
100%
Negan Smith
100%
Rick Grimes
100%
Glenn Rhee
96%
Maggie Rhee
96%
Paul Rovia
92%
Abraham Ford
88%
Rosita Espinosa
88%
Ezekiel Sutton
80%
Alpha
76%
Philip Blake
76%
Lydia
56%
Connie
52%
No matching quizzes found
Score Distribution
Percent of People with Each Score
Percentile by Number Answered
Your Score History
You have not taken this quiz